000 00720nam a22001695i 4500
001 153242
003 ES-MaACL
005 20230906205104.0
008 980630s1897 sp |||| | spa d
111 2 _aCongreso Internacional de Higiene y Demografía (
_n9ª.
_d1898.
_cMadrid)
_9135086
245 1 0 _aCongreso Internacional de Higiene y Demografía
_b: programa reglamento de la exposición anexa.
260 _aMadrid :
_b[s.n.],
_c1897 (
_fImp. de Emilio Minuesa)
300 _a10 p. ;
_c16 cm.
650 4 _aHigiene-
_vCongresos y asambleas.
_9161772
650 4 _aDemografía-
_vCongresos y asambleas.
_9161771
852 _aES-MaACL
_jT-763-F-3
_z- Enc. hol., conservando cub. original
_z- Enc. en un vol. facticio
999 _c153242
_d153242